000 01559nam a2200265 a 4500
001 84416
003 BD-RjUL
005 20241203103339.0
008 241203s2023 bg a|||| m||| 00| 0 ben d
035 _a(BD-RjUL)84416
040 _aBD-RjUL
_bben/eng
_cBD-RjUL
_dBD-RjUL
041 _aben
082 _a891.44209
_223
_bSAJ 2023
100 _aছাত্তার, মুহাম্মদ আব্দুছ
_914536
245 1 0 _aজারীরের কবিতায় মরুজীবনের প্রভাব /
_cগবেষক মুহাম্মদ আব্দুছ ছাত্তার ;
_6তত্ত্বাবধায়ক : মুহা. বিলাল হুসাইন
246 _aInfluence of Desert life on Jarirs Poetry /
260 _aরাজশাহী :
_bআরবী বিভাগ, রাজশাহী বিশ্ববিদ্যালয়,
_c২০২৩
300 _axiii, ২৫৪ পাতা :
_bচিত্র ;
_c২৯ সেমি.
502 _aথিসিস (পিএইচ. ডি.) -- আরবী বিভাগ, রাজশাহী বিশ্ববিদ্যালয়, ২০২৩
504 _aগ্রন্থপঞ্জি : পাতা [২২০]-২৩১
650 _aবাংলা সাহিত্যে
_vইতিহাস ও সমালোচনা
_97217
650 _aBengali literature
_vHistory and Criticism
700 _aহুসাইন, মুহা. বিলাল, তত্ত্বাবধায়ক
_97946
942 _2ddc
_cTHE
999 _c84416
_d84416